000 01042nam a22002417a 4500
999 _c63327
_d63327
005 20240530110635.0
008 170919s2014 ua ahk f b 000 0 ara d
017 _a2013/7749
_bمصر. دار الكتب
020 _a9789772122202
040 _aEG-CaGPL
_cEG-CaGPL
082 0 4 _221
_a371.14124 /
_bع م
100 0 _aعلى فوزى عبدالمقصود
245 1 2 _aالمقومات التربوية لتاهيل المعلمين غير التربويين فى ضوء تغيرات العصر /
_cعلى فوزى عبدالمقصود
260 _aالاسكندرية :
_bمؤسسة شباب الجامعة ،
_c2014.
300 _a387 ص. :
_bايض ؛
_c24 سم.
504 _aيشتمل على ارجاعات ببليوجرافية
650 0 7 _2qrmak
_aالتدريس
650 0 7 _2qrmak
_aالمدرسون
_xتدريب
650 0 7 _2qrmak
_aالمدرسون
_xاختيار و تعيين
650 0 4 _aالمدرسون غير التربويون
_xتاهيل
942 _2ddc
_cBK